[Event "FRA-chT1A 1112"]
[Site "France"]
[Date "2011.11.13"]
[Round "3.1"]
[White "Delorme, Axel"]
[Black "Pham, Minh Hoang"]
[Result "1/2-1/2"]
[WhiteElo "2443"]
[BlackElo "2488"]
[PlyCount "125"]
[EventDate "2011.10.16"]
[EventType "team-tourn"]
[EventRounds "11"]
[EventCountry "FRA"]
[SourceTitle "EXT 2013"]
[Source "ChessBase"]
[SourceDate "2012.11.22"]
[SourceVersion "1"]
[SourceVersionDate "2012.11.22"]
[SourceQuality "1"]
[WhiteTeam "Clichy"]
[BlackTeam "Sautron"]
[WhiteTeamCountry "FRA"]
[BlackTeamCountry "FRA"]

1. d4 d5 2. c4 c6 3. Nc3 Nf6 4. e3 e6 5. Nf3 Nbd7 6. Qc2 Be7 7. a3 0-0 8. b4 a5 9. Rb1 axb4 10. axb4 Qc7 11. c5 e5 12. b5 Re8 13. b6 Qb8 14. Be2 Bf8 15. 0-0 g6 16. Bd2 Nxc5 17. dxc5 Bf5 18. Qb3 Bxb1 19. Rxb1 Bxc5 20. e4 d4 21. Ng5 Re7 22. Na4 Bd6 23. f3 Qf8 24. Nh3 Nd7 25. Qc2 Ree8 26. Nf2 Nc5 27. Nxc5 Bxc5 28. Nd3 Bd6 29. Nb2 Ra2 30. Bc4 Raa8 31. Nd3 h6 32. Re1 Ra3 33. Qb2 Ra4 34. Bb3 Ra6 35. Bc4 Ra4 36. Qc2 Rea8 37. f4 exf4 38. e5 Be7 39. Nxf4 Kh7 40. Rf1 Ra1 41. Bc1 Ba3 42. Nd3 Bxc1 43. Nxc1 Qc5 44. Rxf7+ Kh8 45. Rh7+ Kxh7 46. Bg8+ Rxg8 47. Qxc5 d3 48. Qc3 Rd8 49. Qxa1 d2 50. Nd3 Rxd3 51. Qd1 Kg7 52. Kf2 Rd5 53. Ke2 Rxe5+ 54. Kd3 Kf7 55. Kc3 Rd5 56. Qf3+ Ke7 57. Qe4+ Kd8 58. Qf3 Ke7 59. Qe3+ Kd8 60. Qf3 Ke7 61. Qe4+ Kf7 62. Qf3+ Kg7 63. Qd1 1/2-1/2

[Event "FRA-chT1 1011"]
[Site "France"]
[Date "2010.12.11"]
[Round "4.1"]
[White "Monroy, Charles"]
[Black "Pham, Minh Hoang"]
[Result "1/2-1/2"]
[WhiteElo "2436"]
[BlackElo "2466"]
[PlyCount "113"]
[EventDate "2010.10.17"]
[EventType "team-tourn"]
[EventRounds "11"]
[EventCountry "FRA"]
[SourceTitle "EXT 2012"]
[Source "ChessBase"]
[SourceDate "2011.11.24"]
[SourceVersion "1"]
[SourceVersionDate "2011.11.24"]
[SourceQuality "1"]

1. Nf3 Nf6 2. c4 g6 3. Nc3 Bg7 4. e4 d6 5. d4 0-0 6. Be2 e5 7. 0-0 Nc6 8. d5 Ne7 9. Ne1 c6 10. Be3 cxd5 11. cxd5 Ne8 12. a4 f5 13. f3 fxe4 14. fxe4 Rxf1+ 15. Bxf1 Nf6 16. Be2 Qf8 17. Kh1 Bh6 18. Bg1 Bd7 19. a5 a6 20. Nc2 Bf4 21. Ne3 Qh6 22. Ng4 Bxg4 23. Bxg4 Bd2 24. Ra4 Kh8 25. Rb4 Neg8 26. Bf3 Rb8 27. Rb6 Ne8 28. Qe2 Ngf6 29. Rb4 Nd7 30. Rc4 Bf4 31. Na4 Ndf6 32. Nb6 Bd2 33. Ra4 Rd8 34. Nc4 Bf4 35. Rb4 Rd7 36. Rb3 Rc7 37. Rc3 Rf7 38. Nb6 Nc7 39. Bg4 Nb5 40. Rc8+ Kg7 41. Bh3 g5 42. Nc4 Nd4 43. Qd3 g4 44. Nxd6 Rd7 45. Bxd4 Rxd6 46. Bc5 gxh3 47. gxh3 Qg6 48. Bxd6 Nxe4 49. Bf8+ Kf7 50. Qc2 Kf6 51. d6 Nf2+ 52. Qxf2 Qb1+ 53. Kg2 Qg6+ 54. Kf1 Qd3+ 55. Ke1 Qb1+ 56. Ke2 Qe4+ 57. Kf1 1/2-1/2

[Event "FRA-chT1 0910"]
[Site "France"]
[Date "2009.11.21"]
[Round "4.1"]
[White "Pham, Minh Hoang"]
[Black "Spraggett, Kevin"]
[Result "1/2-1/2"]
[WhiteElo "2486"]
[BlackElo "2594"]
[PlyCount "145"]
[EventDate "2009.09.27"]
[EventType "team-tourn"]
[EventRounds "11"]
[EventCountry "FRA"]
[SourceTitle "EXT 2011"]
[Source "ChessBase"]
[SourceDate "2010.11.26"]
[SourceVersion "1"]
[SourceVersionDate "2010.11.26"]
[SourceQuality "1"]

1. e4 Nf6 2. e5 Nd5 3. d4 d6 4. Nf3 g6 5. Bc4 c6 6. 0-0 Bg7 7. exd6 Qxd6 8. Nc3 0-0 9. Qe2 Bg4 10. Ne4 Qc7 11. c3 Nd7 12. Neg5 e6 13. h3 Bxf3 14. Qxf3 b5 15. Bb3 h6 16. Ne4 f5 17. Ng3 N7f6 18. Re1 Rae8 19. Bd2 Kh8 20. a4 a6 21. Qd3 Re7 22. axb5 axb5 23. Ra6 Qb7 24. Rea1 Rfe8 25. Bd1 Rd7 26. Qc2 e5 27. dxe5 Rxe5 28. Bf3 Rde7 29. h4 h5 30. b3 Kh7 31. c4 bxc4 32. bxc4 Nb4 33. Bxb4 Qxb4 34. Rxc6 Re1+ 35. Rxe1 Rxe1+ 36. Kh2 Qe7 37. Nxf5 Qe5+ 38. Ng3 Qf4 39. Kh3 Ne4 40. Qxe4 Rxe4 41. Nxe4 Kh6 42. Ng5 Bf6 43. g3 Qf5+ 44. Kg2 Bxg5 45. hxg5+ Kxg5 46. Rd6 Kh6 47. Rd5 Qf6 48. c5 h4 49. gxh4 Qxh4 50. c6 Qc4 51. Rd7 Qb5 52. Rd4 Qg5+ 53. Rg4 Qc5 54. Be4 g5 55. Rg3 Qc4 56. Re3 g4 57. Kh2 Qf1 58. Kg3 Qh3+ 59. Kf4 Qh2+ 60. Kxg4 Qxf2 61. Rh3+ Kg7 62. c7 Qe2+ 63. Kf4 Qf1+ 64. Kg4 Qe2+ 65. Kg5 Qd2+ 66. Kh5 Qe2+ 67. Kg5 Qd2+ 68. Kh5 Qe2+ 69. Kg5 Qd2+ 70. Kg4 Qe2+ 71. Kg3 Qc4 72. Rh7+ Kf6 73. Kf4 1/2-1/2

[Event "FRA-chT1 0910"]
[Site "France"]
[Date "2009.09.27"]
[Round "1.2"]
[White "Pham, Minh Hoang"]
[Black "Pile, Richard"]
[Result "1-0"]
[WhiteElo "2486"]
[BlackElo "2326"]
[PlyCount "70"]
[EventDate "2009.09.27"]
[EventType "team-tourn"]
[EventRounds "11"]
[EventCountry "FRA"]
[SourceTitle "EXT 2011"]
[Source "ChessBase"]
[SourceDate "2010.11.26"]
[SourceVersion "1"]
[SourceVersionDate "2010.11.26"]
[SourceQuality "1"]

1. d4 Nf6 2. c4 e6 3. Nc3 Bb4 4. e3 c5 5. Bd3 Nc6 6. Nge2 d5 7. a3 Bxc3+ 8. bxc3 dxc4 9. Bxc4 e5 10. 0-0 0-0 11. a4 cxd4 12. cxd4 exd4 13. exd4 Bg4 14. f3 Be6 15. Bb5 Nd5 16. Bxc6 bxc6 17. Qc2 Re8 18. Ng3 Qb6 19. Qf2 Qa6 20. Ne4 Bf5 21. Bd2 Re7 22. Nc5 Qe2 23. Rfe1 Qc4 24. Rec1 Qe2 25. Re1 Qc4 26. Rxe7 Nxe7 27. Rc1 Qa2 28. Re1 Nd5 29. g4 Bg6 30. Qe2 h5 31. Bc1 Qxe2 32. Rxe2 hxg4 33. fxg4 Rb8 34. Nd7 Rd8 35. Ne5 Nb4 1-0

[Event "FRA-chT1B 0809"]
[Site "France"]
[Date "2009.03.14"]
[Round "8.1"]
[White "Pham, Minh Hoang"]
[Black "Picard, Romain"]
[Result "0-1"]
[WhiteElo "2489"]
[BlackElo "2371"]
[PlyCount "82"]
[EventDate "2008.10.19"]
[EventType "team-tourn"]
[EventRounds "11"]
[EventCountry "FRA"]
[SourceTitle "EXT 2010"]
[Source "ChessBase"]
[SourceDate "2010.11.25"]
[SourceVersion "1"]
[SourceVersionDate "2010.11.25"]
[SourceQuality "1"]
[WhiteTeam "Sautron"]
[BlackTeam "Migne Auxances"]
[WhiteTeamCountry "FRA"]
[BlackTeamCountry "FRA"]

1. d4 Nf6 2. c4 g6 3. Nc3 d5 4. Nf3 Bg7 5. cxd5 Nxd5 6. Bd2 0-0 7. e4 Nb6 8. Be3 Bg4 9. Bb5 a6 10. Be2 Nc6 11. d5 Bxf3 12. gxf3 Ne5 13. Qb3 Nc8 14. f4 Nd7 15. e5 b5 16. 0-0-0 Ncb6 17. h4 Qc8 18. Bf3 Nc4 19. h5 Ndb6 20. Kb1 a5 21. Nxb5 Nxe5 22. Be2 Qf5+ 23. Ka1 a4 24. Qb4 Ng4 25. Nd4 Nxe3 26. fxe3 Qe4 27. Bf3 Qxe3 28. d6 exd6 29. Bxa8 Rxa8 30. Nc2 Qf2 31. Na3 Rb8 32. Qd2 Qf3 33. h6 Bf6 34. Kb1 Nd5 35. Nc4 Nc3+ 36. Kc1 Nxa2+ 37. Kb1 Nc3+ 38. Kc1 Na2+ 39. Kb1 Nc3+ 40. Kc1 Nxd1 41. Rxd1 Qe4 0-1

[Event "FRA-chT1B 0809"]
[Site "France"]
[Date "2009.02.08"]
[Round "7.1"]
[White "Laurent, Julien G"]
[Black "Pham, Minh Hoang"]
[Result "1/2-1/2"]
[WhiteElo "2337"]
[BlackElo "2489"]
[PlyCount "106"]
[EventDate "2008.10.19"]
[EventType "team-tourn"]
[EventRounds "11"]
[EventCountry "FRA"]
[SourceTitle "EXT 2010"]
[Source "ChessBase"]
[SourceDate "2010.11.25"]
[SourceVersion "1"]
[SourceVersionDate "2010.11.25"]
[SourceQuality "1"]
[WhiteTeam "Echiquier Berry Sologne"]
[BlackTeam "Sautron"]
[WhiteTeamCountry "FRA"]
[BlackTeamCountry "FRA"]

1. d4 Nf6 2. c4 e6 3. Nf3 b6 4. g3 Ba6 5. Qc2 c5 6. d5 exd5 7. cxd5 d6 8. e4 Bc8 9. Bg2 Ba6 10. Bf1 Qc8 11. Qa4+ Nfd7 12. Bxa6 Qxa6 13. Qxa6 Nxa6 14. Nc3 Be7 15. Bf4 f6 16. Nb5 Ne5 17. Nxe5 fxe5 18. Be3 Kd7 19. Kd2 Nb8 20. a4 a6 21. Na3 Kc8 22. Rab1 a5 23. f4 Nd7 24. f5 Nf6 25. Kd3 Kd7 26. h3 h5 27. Rbg1 Rag8 28. Nc4 Rb8 29. Na3 Rbg8 30. Nc4 Kc7 31. Rf1 Rb8 32. Na3 Rh7 33. Rhg1 Rg8 34. Rf3 Bd8 35. Bg5 Ne8 36. Be3 Kd7 37. Nc4 Nf6 38. Rgf1 Re8 39. R3f2 Rhh8 40. Rg2 Ref8 41. Rf3 Rf7 42. Bd2 Nh7 43. g4 hxg4 44. hxg4 Nf6 45. Rfg3 Rh4 46. Be1 Rf8 47. Nd2 Rfh8 48. Nf3 Rh1 49. b3 R8h3 50. Ke3 Rh8 51. Rg1 Rxg1 52. Nxg1 Rh2 53. Nf3 Rh1 1/2-1/2

[Event "FRA-chT1B 0809"]
[Site "France"]
[Date "2009.02.07"]
[Round "6.2"]
[White "Pham, Minh Hoang"]
[Black "Le Roux, Jean Pierre"]
[Result "0-1"]
[WhiteElo "2489"]
[BlackElo "2496"]
[PlyCount "106"]
[EventDate "2008.10.19"]
[EventType "team-tourn"]
[EventRounds "11"]
[EventCountry "FRA"]
[SourceTitle "EXT 2010"]
[Source "ChessBase"]
[SourceDate "2010.11.25"]
[SourceVersion "1"]
[SourceVersionDate "2010.11.25"]
[SourceQuality "1"]
[WhiteTeam "Sautron"]
[BlackTeam "Guingamp"]
[WhiteTeamCountry "FRA"]
[BlackTeamCountry "FRA"]

1. d4 Nf6 2. c4 g6 3. Nc3 d5 4. cxd5 Nxd5 5. Bd2 Nb6 6. Bf4 Bg7 7. e3 0-0 8. Rc1 N8d7 9. Nf3 c5 10. d5 c4 11. Be2 Bxc3+ 12. bxc3 Nf6 13. d6 Ne4 14. Bh6 Qxd6 15. Qxd6 Nxd6 16. Bxf8 Kxf8 17. Nd2 e5 18. e4 Bd7 19. f3 Rc8 20. Kf2 Na4 21. Rc2 Ke7 22. Ke3 f5 23. g3 b5 24. h4 Bc6 25. h5 g5 26. exf5 Nxf5+ 27. Kf2 Nc5 28. Re1 Rf8 29. g4 Nh4 30. Kg3 Nd3 31. Rf1 Nf4 32. Bd1 Rd8 33. Nb1 e4 34. Rd2 Rxd2 35. Nxd2 e3 36. Nb1 e2 37. Bxe2 Nxe2+ 38. Kf2 Bxf3 39. a4 a6 40. axb5 axb5 41. Re1 Bxg4 42. Na3 Kd6 43. Nxb5+ Kc5 44. Nd4 Nxc3 45. Ne6+ Bxe6 46. Rxe6 Nd5 47. Rh6 c3 48. Ke2 Nf3 49. Kd3 Ne5+ 50. Kc2 Kc4 51. Rxh7 Ne3+ 52. Kb1 c2+ 53. Ka2 Kc3 0-1

[Event "Paris-ch op"]
[Site "Paris"]
[Date "2008.07.02"]
[Round "5"]
[White "Leconte, Maria"]
[Black "Pham, Minh Hoang"]
[Result "0-1"]
[WhiteElo "2336"]
[BlackElo "2479"]
[PlyCount "124"]
[EventDate "2008.06.28"]
[EventType "swiss"]
[EventRounds "9"]
[EventCountry "FRA"]
[SourceTitle "CBM 125 Extra"]
[Source "ChessBase"]
[SourceDate "2008.09.01"]
[SourceVersion "1"]
[SourceVersionDate "2008.09.01"]
[SourceQuality "1"]

1. e4 c5 2. Nc3 a6 3. Nf3 d6 4. d4 cxd4 5. Nxd4 Nf6 6. g3 e5 7. Nb3 Nbd7 8. a4 Be7 9. a5 0-0 10. Bg2 b5 11. axb6 Nxb6 12. Na5 Qc7 13. 0-0 Bg4 14. Qd3 Rfc8 15. Re1 Be6 16. Nd5 Bxd5 17. exd5 Qxc2 18. Qxc2 Rxc2 19. Nc6 Bf8 20. Nb4 Rc4 21. Nxa6 Nbxd5 22. b4 e4 23. b5 Ra7 24. Bb2 Rb7 25. Bf1 Rc2 26. Bd4 Rd2 27. Red1 Rxd1 28. Rxd1 Nd7 29. Re1 N5f6 30. Rc1 Nb6 31. Rc7 Rxc7 32. Nxc7 Nfd7 33. Bh3 Nc5 34. Bxc5 dxc5 35. Bf5 Bd6 36. Na6 e3 37. fxe3 g6 38. Bc2 Kg7 39. Kf2 Kf6 40. Kf3 Ke5 41. Bb3 c4 42. Bc2 f5 43. h3 h5 44. g4 fxg4+ 45. hxg4 Kf6 46. gxh5 gxh5 47. Ke4 h4 48. Kd4 h3 49. Be4 h2 50. Kc3 Be5+ 51. Kc2 Bd6 52. Kc3 Ke6 53. Nb4 Be5+ 54. Kc2 Kd6 55. Bg2 Kc5 56. Nd3+ cxd3+ 57. Kxd3 Kxb5 58. Ke4 Bc7 59. Kd4 Nd7 60. e4 Bf4 61. Kd5 Ne5 62. Bh1 Kb4 0-1

[Event "Paris-ch op"]
[Site "Paris"]
[Date "2008.07.01"]
[Round "4"]
[White "Pham, Minh Hoang"]
[Black "Grover, Sahaj"]
[Result "1-0"]
[WhiteElo "2479"]
[BlackElo "2300"]
[PlyCount "81"]
[EventDate "2008.06.28"]
[EventType "swiss"]
[EventRounds "9"]
[EventCountry "FRA"]
[SourceTitle "EXT 2009"]
[Source "ChessBase"]
[SourceDate "2008.11.26"]
[SourceVersion "1"]
[SourceVersionDate "2008.11.26"]
[SourceQuality "1"]

1. d4 Nf6 2. c4 e6 3. Nf3 b6 4. g3 Ba6 5. Qc2 Bb4+ 6. Bd2 Be7 7. e4 d5 8. cxd5 Bxf1 9. Kxf1 exd5 10. e5 Ne4 11. Nc3 Nxc3 12. bxc3 Qd7 13. Kg2 Nc6 14. c4 Nd8 15. cxd5 Qxd5 16. Qxc7 Ne6 17. Qc3 Rd8 18. Be3 0-0 19. Qb3 Qb7 20. Rhd1 Rd5 21. Qc2 Rd7 22. Rac1 Ba3 23. Rb1 Rfd8 24. h4 Be7 25. Qc4 Qe4 26. Qd3 Qb7 27. Rd2 Bc5 28. Rbd1 Bxd4 29. Bg5 Rc8 30. Kh2 h6 31. Qf5 Rc4 32. Be3 g6 33. Qf6 Qe4 34. Bxh6 Rd5 35. Ng5 Qf5 36. Qxf5 gxf5 37. Nf3 Ra4 38. Kg1 b5 39. Be3 Bxe3 40. Rxd5 Bc5 41. R1d2 1-0

[Event "FRA-chT2 West 0708"]
[Site "France"]
[Date "2007.10.21"]
[Round "1.1"]
[White "Monroy, Charles"]
[Black "Pham, Minh Hoang"]
[Result "1-0"]
[WhiteElo "2368"]
[BlackElo "2475"]
[PlyCount "113"]
[EventDate "2007.10.21"]
[EventType "team"]
[EventRounds "11"]
[EventCountry "FRA"]
[SourceTitle "EXT 2009"]
[Source "ChessBase"]
[SourceDate "2008.11.26"]
[SourceVersion "1"]
[SourceVersionDate "2008.11.26"]
[SourceQuality "1"]
[WhiteTeam "Rennes Paul Bert"]
[BlackTeam "Sautron"]
[WhiteTeamCountry "FRA"]
[BlackTeamCountry "FRA"]

1. Nf3 d5 2. d4 Nf6 3. c4 e6 4. g3 c5 5. cxd5 exd5 6. Bg2 Nc6 7. Nc3 Be7 8. 0-0 0-0 9. Be3 c4 10. Bg5 Be6 11. Ne5 Ng4 12. Bxe7 Nxe7 13. Nxg4 Bxg4 14. b3 Rc8 15. bxc4 Rxc4 16. Qb3 Be6 17. e3 Qa5 18. Ne2 Rb4 19. Qc3 Rc8 20. Qd2 Qa3 21. Rfb1 Rbc4 22. Rxb7 Rc2 23. Qe1 g5 24. Bf1 Bg4 25. Rb3 Qa4 26. Nc1 a6 27. Rb6 Qa3 28. Nd3 R8c3 29. Rb3 Rxb3 30. axb3 Qxb3 31. Qb4 Qxb4 32. Nxb4 Rd2 33. Bg2 a5 34. Nxd5 Nxd5 35. Bxd5 Be2 36. h3 Rd1+ 37. Rxd1 Bxd1 38. Kf1 Ba4 39. Ke2 Bb5+ 40. Kd2 Bf1 41. h4 gxh4 42. gxh4 Kg7 43. Bf3 Kf6 44. Be4 h6 45. Bd3 Bh3 46. Kc3 Be6 47. f4 Ke7 48. e4 f6 49. Bc4 Bg4 50. e5 fxe5 51. fxe5 Kd7 52. d5 Kc7 53. Kd4 Kb6 54. e6 a4 55. Ke5 a3 56. d6 Bh5 57. Kf6 1-0

[Event "Angers op 2nd"]
[Site "Angers"]
[Date "2007.04.15"]
[Round "6.1"]
[White "Bailet, Pierre"]
[Black "Pham, Minh Hoang"]
[Result "1/2-1/2"]
[WhiteElo "2128"]
[BlackElo "2476"]
[PlyCount "54"]
[EventDate "2007.04.13"]
[EventType "swiss"]
[EventRounds "6"]
[EventCountry "FRA"]
[SourceTitle "CBM 117 Extra"]
[Source "ChessBase"]
[SourceDate "2007.05.09"]
[SourceVersion "1"]
[SourceVersionDate "2007.05.09"]
[SourceQuality "1"]

1. d4 Nf6 2. c4 e6 3. Nf3 b6 4. g3 Ba6 5. b3 Bb4+ 6. Bd2 Be7 7. Bg2 c6 8. Bc3 d5 9. Ne5 Nfd7 10. Nxd7 Nxd7 11. Nd2 0-0 12. 0-0 f5 13. Nf3 dxc4 14. Nd2 b5 15. bxc4 bxc4 16. Bxc6 Rc8 17. Bg2 Nb6 18. e4 Bb7 19. a4 Bf6 20. a5 Na8 21. Rb1 Bc6 22. Bb4 Rf7 23. Nxc4 Bxe4 24. Nd6 Bxb1 25. Nxf7 Kxf7 26. Qxb1 Bxd4 27. Rd1 Rb8 1/2-1/2

[Event "FRA-chT2 West 0607"]
[Site "France"]
[Date "2007.03.31"]
[Round "10.1"]
[White "Pham, Minh Hoang"]
[Black "Bratanov, Zsivko"]
[Result "1/2-1/2"]
[WhiteElo "2480"]
[BlackElo "2453"]
[PlyCount "95"]
[EventDate "2006.10.15"]
[EventType "team"]
[EventRounds "11"]
[EventCountry "FRA"]
[SourceTitle "EXT 2008"]
[Source "ChessBase"]
[SourceDate "2007.11.25"]
[SourceVersion "1"]
[SourceVersionDate "2007.11.25"]
[SourceQuality "1"]
[WhiteTeam "Sautron"]
[BlackTeam "Rueil Malmaison"]
[WhiteTeamCountry "FRA"]
[BlackTeamCountry "FRA"]

1. d4 d5 2. c4 dxc4 3. Nc3 a6 4. a4 Nc6 5. Nf3 Nf6 6. e4 Na5 7. Ne5 e6 8. Nxc4 c5 9. Be3 cxd4 10. Bxd4 Nxc4 11. Bxc4 Qc7 12. Qb3 Bc5 13. Bxc5 Qxc5 14. 0-0 0-0 15. h3 Bd7 16. Rfe1 Bc6 17. Bd3 Rad8 18. Qc2 Qe5 19. b4 Rc8 20. Rac1 Bxa4 21. Qd2 Bc6 22. Qe3 Rfd8 23. Red1 Be8 24. f4 Qd4 25. Qxd4 Rxd4 26. e5 Rcd8 27. Be2 Rxd1+ 28. Bxd1 Nd5 29. Nxd5 Rxd5 30. Bf3 Rb5 31. Rc8 Kf8 32. Rb8 g5 33. Rxb7 gxf4 34. Rxb5 Bxb5 35. Be4 h6 36. Kf2 f6 37. exf6 Kf7 38. g3 fxg3+ 39. Kxg3 Kxf6 40. Kf4 e5+ 41. Kf3 Kg5 42. Bb7 Bf1 43. Bc8 Kh4 44. Ke4 h5 45. Kxe5 Kg3 46. h4 Kxh4 47. Kf4 Be2 48. Be6 1/2-1/2

[Event "FRA-chT2 West 0607"]
[Site "France"]
[Date "2006.11.26"]
[Round "3.1"]
[White "Monroy, Charles"]
[Black "Pham, Minh Hoang"]
[Result "1/2-1/2"]
[WhiteElo "2394"]
[BlackElo "2476"]
[PlyCount "109"]
[EventDate "2006.10.15"]
[EventType "team"]
[EventRounds "11"]
[EventCountry "FRA"]
[SourceTitle "EXT 2008"]
[Source "ChessBase"]
[SourceDate "2007.11.25"]
[SourceVersion "1"]
[SourceVersionDate "2007.11.25"]
[SourceQuality "1"]
[WhiteTeam "Rennes Paul Bert"]
[BlackTeam "Sautron"]
[WhiteTeamCountry "FRA"]
[BlackTeamCountry "FRA"]

1. e4 c5 2. Nf3 d6 3. c3 Nf6 4. Be2 g6 5. 0-0 Bg7 6. Bb5+ Nc6 7. Re1 0-0 8. h3 Bd7 9. d4 Nxd4 10. cxd4 Bxb5 11. Qb3 Ba6 12. dxc5 dxc5 13. e5 c4 14. Qa3 Nd5 15. Rd1 e6 16. Nc3 Qe7 17. Nxd5 Qxa3 18. bxa3 exd5 19. Rxd5 Rfd8 20. Rxd8+ Rxd8 21. Bb2 Rd3 22. Rc1 Bh6 23. Rc3 Rd1+ 24. Kh2 Bf4+ 25. g3 Bh6 26. a4 b6 27. Ba3 Bb7 28. Rxc4 Bg5 29. Rc3 h5 30. h4 Bd8 31. Bd6 f6 32. Re3 Kf7 33. Bb8 g5 34. hxg5 fxg5 35. Bxa7 g4 36. Ng1 Bc7 37. Re2 Rb1 38. f4 gxf3 39. Rf2 Bxe5 40. Nxf3 Ke6 41. Kh3 Rh1+ 42. Kg2 Bd4 43. Re2+ Kf5 44. Kxh1 Bxf3+ 45. Rg2 Kg4 46. Kh2 Bxg2 47. Kxg2 Be5 48. Bxb6 Bxg3 49. a5 Bb8 50. a6 Kf5 51. Kf3 Ke6 52. Ke4 Kd6 53. a4 Kc6 54. Bg1 Bc7 55. Bf2 1/2-1/2

[Event "Champions Challenge 152nd"]
[Site "Playchess.com INT"]
[Date "2006.06.24"]
[Round "1.1"]
[White "Postny, Evgeny"]
[Black "Pham, Minh Hoang"]
[Result "1-0"]
[WhiteElo "2591"]
[BlackElo "2477"]
[PlyCount "57"]
[EventDate "2006.06.24"]
[EventType "k.o. (blitz)"]
[EventRounds "5"]
[EventCountry "GER"]
[SourceTitle "EXT 2007"]
[Source "ChessBase"]
[SourceDate "2006.11.23"]
[SourceVersion "1"]
[SourceVersionDate "2006.11.23"]
[SourceQuality "1"]

1. e4 c5 2. Nf3 d6 3. d4 cxd4 4. Qxd4 Nc6 5. Bb5 Bd7 6. Bxc6 Bxc6 7. Nc3 Nf6 8. Be3 g6 9. 0-0-0 Bg7 10. Qd3 0-0 11. Nd4 Qa5 12. f3 Rfc8 13. Kb1 Nd7 14. Nb3 Qc7 15. Bd4 Ne5 16. Qe2 b5 17. f4 Nc4 18. Bxg7 Kxg7 19. Nd5 Qd7 20. h4 h5 21. Nd4 Bxd5 22. exd5 Rc5 23. f5 Ne5 24. fxg6 Nxg6 25. Qxh5 Rh8 26. Qg5 f6 27. Nf5+ Kf7 28. Qg4 Qc8 29. h5 1-0

[Event "Nantes op 4th"]
[Site "Nantes"]
[Date "2005.12.29"]
[Round "6"]
[White "Bagheri, Amir"]
[Black "Pham, Minh Hoang"]
[Result "1-0"]
[WhiteElo "2519"]
[BlackElo "2466"]
[PlyCount "103"]
[EventDate "2005.12.27"]
[EventType "swiss"]
[EventRounds "7"]
[EventCountry "FRA"]
[SourceTitle "CBM 110 Extra"]
[Source "ChessBase"]
[SourceDate "2006.03.10"]
[SourceVersion "2"]
[SourceVersionDate "2006.03.10"]
[SourceQuality "1"]

1. d4 Nf6 2. Nf3 e6 3. Bg5 c5 4. e3 h6 5. Bh4 cxd4 6. exd4 b6 7. Bd3 Bb7 8. 0-0 Be7 9. a4 Nc6 10. c3 g5 11. Bg3 Nd5 12. Re1 d6 13. c4 Nc7 14. d5 Nb4 15. dxe6 Nxe6 16. Bf5 Ng7 17. Nd4 0-0 18. Nc3 d5 19. Ncb5 Bc5 20. Bc7 Qf6 21. Be5 Qd8 22. Bxg7 Kxg7 23. Re6 fxe6 24. Nxe6+ Kh8 25. Nxd8 Raxd8 26. Qh5 Rf6 27. Re1 Rdf8 28. g4 dxc4 29. Re8 Bc6 30. Rxf8+ Bxf8 31. Nd4 Bxa4 32. Ne6 Kg8 33. h4 gxh4 34. g5 Bd1 35. Qxd1 Rxf5 36. Qg4 Rxg5 37. Nxg5 hxg5 38. Qxg5+ Kf7 39. Qxh4 Bc5 40. Qxc4+ Ke7 41. Kg2 a5 42. f4 Kd6 43. Kf3 Nd5 44. Qd3 Kc6 45. Ke4 Nf6+ 46. Kf5 Nd7 47. Qe4+ Kc7 48. Ke6 Nf8+ 49. Kd5 Kd7 50. f5 Kc7 51. Qe5+ Kd8 52. Kc6 1-0

[Event "Nantes op 4th"]
[Site "Nantes"]
[Date "2005.12.29"]
[Round "5"]
[White "Pham, Minh Hoang"]
[Black "Crouan, Stephane"]
[Result "1-0"]
[WhiteElo "2466"]
[BlackElo "2221"]
[PlyCount "47"]
[EventDate "2005.12.27"]
[EventType "swiss"]
[EventRounds "7"]
[EventCountry "FRA"]
[SourceTitle "CBM 110 Extra"]
[Source "ChessBase"]
[SourceDate "2006.03.10"]
[SourceVersion "2"]
[SourceVersionDate "2006.03.10"]
[SourceQuality "1"]

1. e4 e5 2. Nf3 Nc6 3. Bb5 Nf6 4. 0-0 Nxe4 5. d4 Be7 6. Qe2 Nd6 7. Bxc6 bxc6 8. dxe5 Nb7 9. Nd4 0-0 10. Rd1 Qe8 11. Nc3 Nc5 12. Nf5 d5 13. exd6 Bxd6 14. Nxd6 cxd6 15. Rxd6 Bf5 16. Qxe8 Rfxe8 17. Be3 Ne6 18. Rc1 Rab8 19. b3 c5 20. h3 Rb6 21. Rd5 Bg6 22. Na4 Ra6 23. c4 Be4 24. Rd7 1-0